Alone - Alan Walker - Full Lyrics - Statistics

General Stats
  • This quiz has been taken 28 times
  • The average score is 125 of 152
Answer Stats
Answer % Correct
alone
100%
I
100%
I'm
95%
not
90%
know
85%
is
80%
together
80%
If
75%
in
75%
are
70%
At
70%
forever
70%
last
70%
least
70%
my
70%
night
70%
still
70%
this
70%
we
70%
Anywhere
65%
let
65%
mind
65%
mind?
65%
Am
60%
losing
60%
Lost
60%
me
60%
wanna
60%
Wanna
60%
your
60%
go
55%
Never
55%
whenever
55%
away
50%
feel
50%
time
50%
but
45%
Take
45%
Apart
40%
one
40%
awake
35%
wide
35%
pain
30%
Unconscious
30%
No matching quizzes found
Score Distribution
Percent of People with Each Score
Percentile by Number Answered
Your Score History
You have not taken this quiz